| 000 | 00876cam a2200313 4500 | ||
|---|---|---|---|
| 001 | ABS66228 | ||
| 008 | 030106n2002 000 0 eng u | ||
| 035 | _a(Sirsi) u120916 | ||
| 245 | _aFocus 2002: South west | ||
| 260 | _c2002 | ||
| 490 |
_aEstates Gazette _v(0248) 30 November 2002, 63-75(9) |
||
| 590 | _aABS | ||
| 650 | _aBRISTOL | ||
| 650 | _aEXETER | ||
| 650 | _aSWINDON | ||
| 650 | _aSOMERSET | ||
| 650 | _aBATH | ||
| 650 | _aTRURO | ||
| 650 | _aPLYMOUTH | ||
| 650 | _aSOUTHWEST ENGLAND | ||
| 650 | _aDEVON | ||
| 650 | _aCORNWALL | ||
| 650 | _aPROPERTY-COMMERCIAL PROPERTY-OFFICE PROPERTY-OFFICE PROPERTY MARKET | ||
| 650 | _aINDUSTRIAL MARKET | ||
| 650 | _aPROPERTY-COMMERCIAL PROPERTY-RETAIL PROPERTY-RETAIL PROPERTY MARKET | ||
| 650 | _aLEISURE MARKET | ||
| 690 | _aPROPERTY-COMMERCIAL PROPERTY-COMMERCIAL PROPERTY MARKET | ||
| 942 | _n0 | ||
| 999 |
_c71874 _d71874 |
||